000 01154nam a2200229Ia 4500
003 Ost
005 20260507074849.0
008 260507s9999||||xx |||||||||||||| ||und||
040 _cfsecg
041 _aara
082 _a350.72
100 _aالإمام، عبد العزيز محمود
_eمؤلف
245 0 _aالموازنات التخطيطية كأداة للرقابة على حسابات الشركات العامة :
_bدراسة نظرية تطبيقية /
_c عبد العزيز محمود الإمام
260 _aالرياض:
_bدار المريخ للنشر,
_c[دون تاريخ]
300 _a245 صفحة؛
_bإيضاحات ؛
_c24 سم
504 _aبيبليوغرافيا: ص.235
520 _aيضم الموازنات التخطيطية، المبادئ العلمية لإعداد الموازنة التخطيطية، مراجعة التقديرات الموازنات التخطيطية، مراجعة وتحليل انحرافات الآداء الفعلي عن الميزانية التقديرية.
653 _aالتخطيط
653 _aالرقابة
653 _aالميزانية
942 _cكتاب
999 _c41552
_d41552